000 00998nam a2200313Ia 4500
003 OSt
005 20221007121032.0
006 a|||||r|||| 00| 0
007 ta
008 221006b |||||||| |||| 00| 0 eng d
020 _a9781845933920 (hbd)
024 _a102950
037 _b037, 02/06/2010, N R Book Distributors
_cTextbook
040 _aBDL
_cBDL
_beng
041 _2eng
_aeng
082 _aJ:6, Q0 Carb
100 _aXu Yunbi
245 0 _aMolecular plant breeding
260 _aCambridge
_bCABI International
_c2010
300 _axviii, 734p.
_ccm.
500 _aIncludes bibliographical references.; References 627-716p.; Index 717-734p.
650 _a Crop improvement
_9710543
650 _a Crops-genetics
_9710544
650 _a Crops-molecular genetics
_9710545
650 _a Plant breeding
_9710546
650 _aBotany
942 _hJ:6, Q0 Carb
_cTB
_2CC
999 _c1208359
_d1208359